000 00955nam a2200241 a 4500
001 000033449
003 OSt
005 20260321073642.0
008 110829s1933 dr 000 j spa d
040 _aDO-SdBNP
_bspa
_cBNPHU
082 _aRD863.44
_bB742c, 1933
100 1 _a Bosch, Juan,
_d1909-2001
_976555
245 1 0 _aCamino real :
_bcuentos /
_cJuan Bosch.
260 _aLa Vega, República Dominicana :
_bEl progreso,
_c1933.
300 _a152 p. ;
_c22 cm.
505 0 _aCamino real --
_tLa mujer --
_tRevolución --
_tSombras --
_tEl alzado --
_tLa pajara --
_tEl algarrobo --
_tFozados --
_tEl cuchillo
_tCundito --
_tGuaraguao --
_tLa sangre --
_tLucero--
_tLo mejor --
_tSan Andrés
_tBumbo --
_tLa negación --
590 _aAutográfiado por el autor en la portada
590 _aInventariado, 2019/VM
650 0 _aCuentos dominicanos
_9176
650 0 _aLiteratura dominicana.
_967
910 _aValidado. Control de calidad MFF
942 _2ddc
_cLBS1
999 _c32940
_d32940